Statistics for Towns beginning with Q: guess the country

Click here to take the quiz!

General Stats

  • This quiz has been taken 11 times
  • The average score is 12 of 20

Answer Stats

QuestionAnswer% Correct
Quebec CityCanada
100%
QuitoEcuador
100%
Qarayah QataOman
78%
QuettaPakistan
78%
QuilmesArgentina
67%
QuetzaltenangoGuatemala
67%
Quatre BornesMauritius
67%
QuelimaneMozambique
67%
QarshiUzbekistan
67%
Quy NhonVietnam
67%
QoryooleySomalia
56%
QaraçuxurAzerbaijan
44%
QiqiharChina
44%
QuinhámelGuinea-Bissau
44%
QazvinIran
44%
QurayyatSaudi Arabia
44%
QurgonteppaTajikistan
44%
Qalat SukarIraq
33%
Quartu Sant'ElenaItaly
22%
QuestellesSt. Vincent and the Grenadines
22%

Score Distribution

Percentile by Number Answered

Percent of People with Each Score

Your Score History

You have not taken this quiz